000 00403nam a2200169Ia 4500
008 230718s9999 xx 000 0 und d
041 _aeng
082 _a621.3815
_bCLA
100 _aClayton G.B.
245 _aOperational Amplifiers
250 _a2nd ed.
260 _c1987
_bELBS
300 _a410
365 _cRs.
_b248.50
700 _aClayton G.B.
906 _dB:14724-Mar-1998
_cETC
_b37.27
999 _c296939
_d296939